000 00181nam a2200085Ia 4500
008 250129s9999 xx 000 0 und d
041 _aeng
245 _aUniversity News
260 _c2023
999 _c43301
_d43301